Statistiques concernant Dragons dans Fairy Tail

Cliquez ici pour prendre le quiz!

Statistiques générales

  • Ce quiz a été pris 23 fois
  • Le résultat moyen est 6 sur 15

Statistiques - réponses

Réponse% Correct
Ignir
95%
Acnologia
86%
Atlas
86%
Grandine
81%
Metalicana
81%
Belserion
38%
Baislogia
29%
Jilkonis
29%
Animus
19%
Scissor
19%
Rivaia
14%
Skiadram
14%
Grea
5%
Pierre
5%
Sombre
5%

Distribution des résultats

Percentile par nombre de réponses

% des personnes avec chaque résultat

Votre développement - résultats

Vous n’avez pas pris ce quiz